World Leaders - Statistics

General Stats
  • This quiz has been taken 36 times
  • The average score is 42 of 352
Answer Stats
Country Term for Leader Leader % Correct
United States President Donald Trump
95%
United States Vice President JD Vance
95%
North Korea Supreme Leader Kim Jong Un
91%
Russia President Vladimir Putin
91%
China President Xi Jinping
91%
United Kingdom Monarch King Charles III
86%
Ukraine President Volodymyr Zelenskyy
86%
Israel President Benjamin Netanyahu
82%
St Lucia Governor General Errol Charles
82%
Andorra French Co Prince Emmanuel Macron
77%
France President Emmanuel Macron
77%
United Kingdom Prime Minister Keir Starmer
77%
Australia Prime Minister Anthony Albanese
73%
Italy Prime Minister Giorgia Meloni
73%
Canada Prime Minister Mark Carney
73%
India Prime Minister Narendra Modi
73%
Germany Chancellor Friedrich Merz
64%
Cambodia Leader of the People's Party Hun Sen
64%
Vatican Pope LeoXIV
64%
Turkey President Recep Tayyip Erdoğan
64%
Poland Prime Minister Donald Tusk
59%
Spain Prime Minister Pedro Sánchez
59%
Belarus Chairman of the All-Belarusian People's Assembly Alexander Lukashenko
55%
Belarus President Alexander Lukashenko
55%
Mexico President Claudia Sheinbaum
55%
Saudi Arabia Prime Minister Mohammed bin Salman
55%
Hungary Prime Minister Viktor Orbán
55%
Iran Supreme Leader Ali Khamenei
50%
Belgium King Felippe
50%
Spain Monarch King Felipe VI
50%
El Salvador President Nayib Bukele
50%
South Africa President Cyril Ramaphosa
45%
Brazil President Luiz Inácio Lula da Silva
45%
Jordan King Abdullah II
41%
Serbia President Aleksandar Vučić
41%
Albania Prime Minister Edi Rama
41%
Argentina President Javier Milei
41%
Denmark Monarch King Frederik X
41%
Saudi Arabia King Salman
41%
Monaco Sovereign Prince Albert II
36%
Japan Emperor Naruhito
36%
France Prime Minister François Bayrou
32%
Sweden Monarch King Carl XVI Gustaf
32%
Palesine President Mahmoud Abbas
32%
Slovakia Prime Minister Robert Fico
32%
Italy President Sergio Mattarella
32%
Egypt President Abdel Fattah el-Sisi
27%
Poland President Andrzej Duda
27%
Philipines President Bongbong Marcos
27%
Nicaragua Co-President Daniel Ortega
27%
Demark Prime Minister Mette Frederiksen
27%
Netherlands King Willem-Alexander
27%
Syria President Ahmed al-Sharaa
23%
Netherlands Prime Minister Dick Schoof
23%
Germany President Frank-Walter Steinmeier
23%
Azerbaijan President Ilham Aliyev
23%
Guyana President Irfaan Ali
23%
Israel President Isaac Herzog
23%
Poland President Elect Karol Nawrocki
23%
Norway Monarch King Harald V
23%
Portugal Prime Minister Luís Montenegro
23%
Moldova President Maia Sandu
23%
Morrocco King Mohammed VI
23%
Bangladesh Chief Adviser Muhammad Yunus
23%
Venezuela President Nicolás Maduro
23%
Romania President Nicușor Dan
23%
Honduras President Xiomara Castro
23%
Ethiopia Prime Minister Abiy Ahmed
18%
Finland President Alexander Stubb
18%
Chile President Gabriel Boric
18%
Luxembourg Grand Duke Henri
18%
Greece Prime Minister Kyriakos Mitsotakis
18%
Taiwan President Lai Ching-te
18%
Singapore Prime Minister Lawrence Wong
18%
China Premier Li Qiang
18%
Ireland President Michael D. Higgins
18%
Cuba President Miguel Díaz-Canel
18%
Rwanda President Paul Kagame
18%
Czech Republic President Petr Pavel
18%
Pakistan Prime Minister Shehbaz Sharif
18%
Sweden Prime Minister Ulf Kristersson
18%
Cape Verde Prime Minister Ulisses Correia e Silva
18%
Kenya President William Ruto
18%
New Zealand Prime Minister Christopher Luxon
14%
Norway Prime Minister Jonas Gahr Støre
14%
Kazakhstan President Kassym-Jomart Tokayev
14%
South Korea President Lee Jae-myung
14%
Ireland Taoiseach Micheál Martin
14%
Finland Prime Minister Petteri Orpo
14%
Japan Prime Minister Shigeru Ishiba
14%
Uganda President Yoweri Museveni
14%
Algeria President Abdelmadjid Tebboune
9%
Estonia President Alar Karis
9%
Austria President Alexander Van der Bellen
9%
Croatia Prime Minister Andrej Plenković
9%
Malaysia Prime Minister Anwar Ibrahim
9%
Bosnia and Herzegovina Chairwoman of the Council of Ministers Borjana Krišto
9%
Liechtenstein Prime Minister Brigitte Haas
9%
Austria Prime Minister Christian Stocker
9%
Ecuador President Daniel Noboa
9%
Tajikistan President Emomali Rahmon
9%
Colombia President Gustavo Petro
9%
Burkina Faso Interim President Ibrahim Traoré
9%
Eritre President Isaias Afwerki
9%
Lebanon President Joseph Aoun
9%
Tunisia President Kaïs Saïed
9%
Nepal Prime Minister K. P. Sharma Oli
9%
Iran President Masoud Pezeshkian
9%
Russia Prime Minister Mikhail Mishustin
9%
Armenia Prime Minister Nikol Pashinyan
9%
Cameroon President Paul Biya
9%
Czech Republic Prime Minister Petr Fiala
9%
Indonesia President Prabowo Subianto
9%
Malta Prime Minister Robert Abela
9%
United Arab Emirates President Sheikh Mohamed bin Zayed Al Nahyan
9%
Qatar Emir Sheikh Tamim bin Hamad Al Thani
9%
Djibouti Prime Minister Abdoulkader Kamil Mohamed
5%
Gambia President Adama Barrow
5%
Ivory Coast President Alassane Ouattara
5%
Kosovo Acting Prime Minister Albin Kurti
5%
Jamaica Prime Minister Andrew Holness
5%
Mali Interim President Assimi Goïta
5%
Belgium Prime Minister Bart De Wever
5%
Senegal President Bassirou Diomaye Faye
5%
Guatemala President Bernardo Arévalo
5%
Nigeria President Bola Tinubu
5%
Gabon President Brice Oligui Nguema
5%
Romania Prime Minister (currently acting) Cătălin Predoiu
5%
Bosnia and Herzegovina High Representative Christian Schmidt
5%
Ukraine Prime Minister Denys Shmyhal
5%
Grenada Prime Minister Dickon Mitchell
5%
Peru President Dina Boluarte
5%
Moldova Prime Minister Dorin Recean
5%
India President Droupadi Murmu
5%
Zimbabwe President Emmerson Mnangagwa
5%
Northern Cyprus President Ersin Tatar
5%
Burundi President Évariste Ndayishimiye
5%
Democratic Republic of the Congo President Félix Tshisekedi
5%
Haiti President Fritz Jean
5%
Luxembourg Lieutenant-Representative Guillaume
5%
Turkmenistan Chairman of the People's Council Gurbanguly Berdimuhamedow
5%
Oman Sultan and Prime Minister Haitham bin Tariq
5%
Zambia President Hakainde Hichilema
5%
Iceland President Halla Tómasdóttir
5%
Liechtenstein Prince Regnant Hans-Adam II
5%
Somalia President Hassan Sheikh Mohamud
5%
Liechtenstein Regent Hereditary Prince Alois
5%
Afghanistan Supreme Leader Hibatullah Akhundzada
5%
Cambodia Prime Minister Hun Manet
5%
Jordan Prime Minister Jafar Hassan
5%
Papa New Guinea Prime Minister James Marape
5%
Bhutan King Jigme Khesar Namgyel Wangchuck
5%
Angola President João Lourenço
5%
Ghana President John Mahama
5%
Switzerland President of the Federal Council Karin Keller-Sutter
5%
Greece President Konstantinos Tasoulas
5%
Bolivia President Luis Acre
5%
Chad President Mahamat Déby
5%
Guinea Interim President Mamady Doumbouya
5%
Portugal President Marcelo Rebelo de Sousa
5%
Canada Governor General Mary Simon
5%
Barbados Prime Minister Mia Mottley
5%
Myanmar President (currently acting) Min Aung Hlaing
5%
Myanmar Prime Minister Min Aung Hlaing
5%
Maldives President Mohamed Muizzu
5%
Iraq Prime Minister Mohammed Shia' Al Sudani
5%
Lebanon Prime Minister Nawaf Salam
5%
Cyprus President Nikos Christodoulides
5%
Senegal Prime Minister Ousmane Sonko
5%
Slovakia President Peter Pellegrini
5%
St. Vincent and the Grenades Prime Minister Ralph Gonsalves
5%
Slovenia Prime Minister Robert Golob
5%
Antigua and Barbuda Governor General Rodney Williams
5%
Costa Rica President Rodrigo Chaves Robles
5%
Bulgaria President Rumen Radev
5%
Kyrgyzstan President Sadyr Japarov
5%
South Sudan President Salva Kiir Mayardit
5%
Tanzania President Samia Suluhu Hassan
5%
Paraguay President Santiago Peña
5%
Turkmenistan President Serdar Berdimuhamedow
5%
Uzbekistan President Shavkat Mirziyoyev
5%
Qatar Prime Minister Sheikh Mohammed bin Abdulrahman Al Thani
5%
United Arab Emirates Prime Minister Sheikh Mohammed bin Rashid Al Maktoum
5%
Ethiopia President Taye Atske Selassie
5%
Equatorial Guinea President Teodoro Obiang Nguema Mbasogo
5%
Uruguay President Yamandú Orsi
5%
Somaliland President Abdirahman Mohamed Abdullahi
0%
Mali Interim Prime Minister Abdoulaye Maïga
0%
Niger President of the National Council for the Safeguard of the Homeland Abdourahamane Tchiani
0%
Libya Prime Minister Abdul Hamid Dbeibeh
0%
Uzbekistan Prime Minister Abdulla Aripov
0%
Iraq President Abdul Latif Rashid
0%
Kyrgyzstan Chairman of the Cabinet of Ministers Adylbek Kasymaliev
0%
Samoa O le Ao o le Malo Afioga Tuimalealiʻifano Vaʻaletoʻa Sualauvi II
0%
Kuwait Prime Minister Ahmad Al-Abdullah Al-Sabah
0%
Tonga Prime Minister ʻAisake Eke
0%
South Ossetia President Alan Gagloyev
0%
Transnistria Prime Minister Aleksander Rozenberg
0%
Belarus Prime Minister Aleksandr Turchin
0%
Azerbaijan Prime Minister Ali Asadov
0%
Niger Prime Minister Ali Lamine Zeine
0%
Haiti Acting Prime Minister Alix Didier Fils-Aimé
0%
Chad Prime Minister Allamaye Halina
0%
São Tomé and Príncipe Prime Minister Américo Ramos
0%
Republic of the Congo Prime Minister Anatole Collinet Makosso
0%
Madagascar President Andry Rajoelina
0%
Pakistan President Asif Ali Zardari
0%
Morrocco Prime Minister Aziz Akhannouch
0%
Abkhazia President Badra Gunba
0%
Guinea Prime Minister Bah Oury
0%
Albania President Bajram Begaj
0%
Georgia Honorary Chairman of Georgian Dream Bidzina Ivanishvili
0%
Papa New Guinea Governor General Bob Dadae
0%
São Tomé and Príncipe President Carlos Vila Nova
0%
Grenada Governor General Cécile La Grenade
0%
Suriname President Chan Santokhi
0%
Taiwan Premier Cho Jung-tai
0%
Madagascar Prime Minister Christian Ntsay
0%
Trinidad and Tobago President Christine Kangaloo
0%
New Zealand Governor General Cindy Kiro
0%
Bahamas Governor General Cynthia A. Pratt
0%
Mozambique President Daniel Chapo
0%
Nauru President David Adeang
0%
Sierra Leonne Prime Minister David Moinina Sengeh
0%
Solomon Islands Governor General David Tiva Kapu
0%
San Marino Captain Regent Denise Bronzetti
0%
Republic of the Congo President Denis Sassou Nguesso
0%
Mauritius President Dharam Gokhool
0%
Botswana President Duma Boko
0%
Serbia Prime Minister Đuro Macut
0%
Latvia President Edgars Rinkēvičs
0%
Rwanda Prime Minister Édouard Ngirente
0%
Andorra Episcopal Co-Prince's representative Eduard Ibáñez
0%
Peru Prime Minister Eduardo Arana Ysa
0%
Latvia Prime Minister Evika Siliņa
0%
Togo Prime Minister Faure Gnassingbé
0%
Central African Republic President Faustin-Archange Touadéra
0%
Tuvalu Prime Minister Feleti Teo
0%
Central African Republic Prime Minister Félix Moloua
0%
Samoa Prime Minister Fiamē Naomi Mataʻafa
0%
Belize Governor General Froyla Tzalam
0%
Antigua and Barbuda Prime Minister Gaston Browne
0%
Burundi Prime Minister Gervais Ndirakobuca
0%
Lithuania Prime Minister Gintautas Paluckas
0%
Lithuania President Gitanas Nausėda
0%
North Macedonia President Gordana Siljanovska-Davkova
0%
Switzerland Vice President of the Federal Council Guy Parmelin
0%
Somalia Prime Minister Hamza Abdi Barre
0%
Marshall Islands President Hilda Heine
0%
North Macedonia Prime Minister Hristijan Mickoski
0%
Georgia Prime Minister Irakli Kobakhidze
0%
Djibouti President Ismaïl Omar Guelleh
0%
San Marino Captain Regent Italo Righi
0%
Montenegro President Jakov Milatović
0%
Burkina Faso Interim Prime Minister Jean Emmanuel Ouédraogo
0%
Togo president Jean-Lucien Savi de Tové
0%
Solomon Islands Prime Minister Jeremiah Manele
0%
Belize Prime Minister Johnny Briceño
0%
Cape Verde President José Maria Neves
0%
Liberia President Joseph Boakai
0%
Cameroon Prime minister Joseph Ngute
0%
Andorra Episcopal Co-Prince Josep-Lluís Serrano Pentinat
0%
Timor Leste President José Ramos-Horta
0%
Panama President José Raúl Mulino
0%
Vanuatu Prime Minister Jotham Napat
0%
Democratic Republic of the Congo Prime Minister Judith Suminwa
0%
Sierra Leonne President Julius Maada Bio
0%
Sudan Prime Minister Kamil Idris
0%
Trinidad and Tobago Prime Minister Kamla Persad-Bissessar
0%
Tajikistan Prime Minister Kokhir Rasulzoda
0%
South Ossetia Prime Minister Konstantin Dzhussoyev
0%
Estonia Prime Minister Kristen Michal
0%
Iceland Prime Minister Kristrún Frostadóttir
0%
Malawi President Lazarus Chakwera
0%
Lesotho King Letsie III
0%
San Marino Secretary for Foreign and Political Affairs Luca Beccari
0%
Luxembourg Prime Minister Luc Frieden
0%
Dominican Republic President Luis Abinader
0%
Vietnam President Lương Cường
0%
Mongolia Prime Minister Luvsannamsrain Oyun-Erdene
0%
Cuba Prime Minister Manuel Marrero Cruz
0%
Equatorial Guinea Prime Minister Manuel Osa Nsue Nsua
0%
st Kitts and Nevis Governor General Marcella Liburd
0%
Mozambique Prime Minister Maria Benvinda Levy
0%
Namibia Prime Minister Maria Benvinda Levy
0%
Guyana Prime Minister Mark Phillips
0%
Georgia President Mikheil Kavelashvili
0%
Montenegro Prime Minister Milojko Spajić
0%
Libya Chairman of the Presidential Council Mohamed al-Menfi
0%
Mauritania President Mohamed Ould Ghazouani
0%
Palestine Prime Minister Mohammad Mustafa
0%
Bangladesh President Mohammed Shahabuddin
0%
Mauritania Prime Minister Mokhtar Ould Djay
0%
Egypt Prime Minister Mostafa Madbouly
0%
Malta President Myriam Spiteri Debono
0%
Algeria Prime Minister Nadir Larbaoui
0%
Slovenia President Nataša Pirc Musar
0%
Mauritius Prime Minister Navin Ramgoolam
0%
Namibia President Netumbo Nandi-Ndaitwah
0%
Vanuatu President Nikenike Vurobaravu
0%
Cambodia king Norodom Sihamoni
0%
Kazakhstan Prime Minister Oljas Bektenov
0%
North Korea Premier Pak Thae-song
0%
Andorra French Co-Prince's representative Patrice Faure
0%
Jamaica Governor General Patrick Allen
0%
Bahamas Prime Minister Philip Davis
0%
St. Lucia Prime Minister Philip J. Pierre
0%
Vietnam Prime Minister Phạm Minh Chính
0%
Nepal President Ram Chandra Poudel
0%
Yemen Chairman of the Presidential Leadership Council Rashad al-Alimi
0%
Fiji President Ratu Naiqama Lalabalavu
0%
Ivory Coast Prime Minister Robert Beugré Mambé
0%
Uganda Prime Minister Robinah Nabbanja
0%
Dominica Prime Minister Roosevelt Skerrit
0%
Nicaragua Co President Rosario Murillo
0%
Bulgaria Prime Minister Rosen Zhelyazkov
0%
Guinea Bissau Prime Minister Rui Duarte de Barros
0%
Yemen Prime Minister Salem Saleh bin Braik
0%
Lesotho Prime Minister Sam Matekane
0%
Australia Governor General Sam Mostyn
0%
Barbados President Sandra Mason
0%
Tunisia Prime Minister Sara Zaafarani
0%
Kuwait Emir Sheikh Mishal Al-Ahmad Al-Jaber Al-Sabah
0%
Vatican President of the Governorate Sister Raffaella Petrini
0%
Fiji Prime Minister Sitiveni Rabuka
0%
Laos Prime Minister Sonexay Siphandone
0%
Malaysia King Sultan Ibrahim Iskandar
0%
Palau President Surangel Whipps Jr.
0%
St. Vincent and the Grenades Governor General Susan Dougan
0%
Dominica President Sylvanie Burton
0%
Hungary President Tamás Sulyok
0%
Kiribati President Taneti Maamau
0%
St Kitts and Nevis Prime Minister Terrance Drew
0%
Singapore President Tharman Shanmugaratnam
0%
Laos General Secretary of the People's Revolutionary Party Thongloun Sisoulith
0%
Laos President Thongloun Sisoulith
0%
Tuvalu Governor General Tofiga Vaevalu Falani
0%
Vietnam General Secretary of the Communist Party Tô Lâm
0%
Bhutan Prime Minister Tshering Tobgay
0%
Tonga King Tupou VI
0%
Mongolia President Ukhnaagiin Khürelsükh
0%
Guinea Bissau President Umaro Sissoco Embaló
0%
Northern Cyprus Prime Minister Ünal Üstel
0%
Transnistria President Vadim Krasnoselsky
0%
Armenia President Vahagn Khachaturyan
0%
Kosovo President Vjosa Osmani
0%
Abkhazia Prime Minister Vladimir Delba
0%
Seychelles President Wavel Ramkalawan
0%
Micronesia President Wesley Simina
0%
Timor Leste Prime Minister Xanana Gusmão
0%
Andorra Prime Minister Xavier Espot
0%
Croatia President Zoran Milanović
0%
No matching quizzes found
Score Distribution
Percent of People with Each Score
Percentile by Number Answered
Your Score History
You have not taken this quiz